| 000 | 00377 a2200109 4500 | ||
|---|---|---|---|
| 001 | ART_18410 | ||
| 005 | 20260410161701.0 | ||
| 008 | 260409a | ||
| 245 | 1 | 0 | _aNueva aclaración por parte del fisco acerca del tratamiento impositivo en el impuesto a las ganancias |
| 100 | 1 | _aJanuszewski, Karina | |
| 773 | 0 |
_tRevista Impuestos _g- Nº 2 (feb. 2013) _wREV639 |
|
| 999 |
_c15220 _d15220 |
||